| 000 | 01218Cam#a22003255a#4500 | ||
|---|---|---|---|
| 003 | AR-RoUNA | ||
| 005 | 20251013083705.0 | ||
| 008 | 140529s1986||||a ||||f |||| 0|spa d | ||
| 020 | _a9789507222924 | ||
| 040 |
_aAR-RoUNA _bspa |
||
| 041 |
_aspa _hspa |
||
| 044 | _asp | ||
| 080 | _a7.02 | ||
| 092 |
_lK 16 _c7.02 _sSala |
||
| 100 | 1 |
_aKandinsky, Vassily _d1866-1944 _9654 |
|
| 245 | 1 |
_aPunto y linea sobre el plano / _cVassili Kandinsky; traducido por Melina Trento |
|
| 250 | _a1a. ed. | ||
| 260 |
_aBuenos Aires, Argentina : _bAndromeda, _c2007 |
||
| 300 |
_a189 p. : _bgráficos _bil. _c20x13 cm |
||
| 504 | 0 | _aWassily Kandinsky se le conoce también como Vasili porque es una transcripción del nombre ruso al español, donde "Vasili" es la forma castellanizada de su nombre propio, a diferencia de la forma en inglés o alemán "Wassily" o "Wassili" que también se usa frecuentemente para referirse al artista.. | |
| 650 | 4 | _aArte contemporaneo | |
| 650 | 4 | _aPinturas | |
| 650 | 4 | _aTecnicas | |
| 700 |
_aTrento, Meliana _etra _927451 |
||
| 908 | _aImp | ||
| 930 | _e12246 | ||
| 942 |
_2udc _cLIB |
||
| 945 |
_aMIA _d2018-12-20 |
||
| 980 |
_61 _aMaricel Allasia _85 _gMaría Machado |
||
| 999 |
_c12133 _d12133 |
||